Nueva arquíptera finlandesa

Bibliographic Details
Main Author: Tempel, Egon
Format: Section = Libro
Language:Undetermined
Spanish
Published: Barcelona Gustavo Gili 1968
Subjects:
LEADER 00432nam a2200169Ia 4500
008 240829s9999 xx 000 0 und d
040 |a BIBLIOTECA-RUSB/ 720.471 T282 
041 |a spa 
082 |a 720.471 T282 
100 1 |a Tempel, Egon 
245 1 0 |a Nueva arquíptera finlandesa 
260 |a Barcelona  |b Gustavo Gili  |c 1968 
300 |a p. irreg. :il. 
650 7 |a ARQUITECTURA-FINLANDIA 
942 |c BK  |2 ddc 
991 |a TEXTO 
999 |c 5037